| 000 | 03392nam0a2200373 4500 | ||
|---|---|---|---|
| 001 | RU\NLR\BIBL_A\012920112 | ||
| 005 | 20260608063101.0 | ||
| 010 |
_a978-5-17-149740-8 _97000 |
||
| 021 |
_aRU _bКН-П-22-061700 _9КН-П-22-5338 |
||
| 035 | _a(NLR Aleph) 012920112 | ||
| 035 | _a(RuMoRGB)011203942 | ||
| 090 |
_a12641755 _c12641755 |
||
| 100 | _a20221025d2022 m y0rusy50 ca | ||
| 101 | 0 | _arus | |
| 102 | _aRU | ||
| 105 | _ay z 000fy | ||
| 181 | 0 |
_ai _baxxe |
|
| 182 | 0 | _an | |
| 200 | 1 |
_aDe feminis _eсборник короткой прозы _fВладимир Сорокин |
|
| 203 |
_aТекст _bвизуальный _cнепосредственный |
||
| 210 |
_aМосква _cАСТ _cCorpus _d2022 |
||
| 215 |
_a248, [1] с. _d21 |
||
| 300 | _aСодержит нецензурную брань | ||
| 327 | 1 | _aСодерж.: рассказы: Татарский малинник; Жук; Золотое XXX; Вакцина Моник; Гамбит вепря; Сугроб; Пространство призмы; Странная история; Две мамы | |
| 330 | _aНовые рассказы Владимира Сорокина - о женщинах: на войне и в жестоком мире, в обстоятельствах, враждебных женской природе. Надзирательница в концлагере, будущая звезда прогрессивного искусства, маленькая девочка в советской больнице, юная гениальная шахматистка, перестроечная студентка и другие героини сборника составляют галерею пронзительных, точных, очень разных портретов, объединённых одним: пережитое насилие необратимо меняет их, но не стирает, а только обостряет их индивидуальность. Сорокин остаётся собой - выстраивает карнавальные антиутопии, жонглирует цитатами из канонической русской литературы и овеществляет метафоры - и в то же время продолжает двигаться в новом направлении. Всё большее сочувствие к свидетелям и невольным участникам великих геополитических драм, повествовательность и лиризм, заданные "Метелью" и продолженные в "Докторе Гарине", в "De feminis" особенно заметны. Чуткий к духу времени и неизменно опережающий время в своих оценках, Владимир Сорокин внятно выступает против расчеловечивания антагонистов | ||
| 333 | _a18+ | ||
| 675 |
_a821.161.1-32 _v4 |
||
| 686 | 2 | _aШ6(2=Р)8-440.5 | |
| 700 | 1 |
_8rus _7ca _aСорокин _bВ. Г. _cписатель _f1955- _gВладимир Георгиевич _3RU\NLR\AUTH\7711314 _9121065 |
|
| 942 | _cBOOK | ||
| 980 | _aNB | ||